Statystyki dla Postacie z czasów II wojny światowej

Kliknij tutaj aby rozwiązać quiz!

Ogólne statystyki

  • Ten quiz został rozwiązany 1 045 razy
  • Średni wynik to 8 z 11

Statystyki odpowiedzi

Opis postaciOdpowiedź% Poprawnych
Niemiecki dowódca pochodzenia austriackiego. Urodzony/a w 1889 roku na terenie Austro-Węgier. Wódz i kanclerz Rzeszy od 1934 r. Powodem jego/jej śmierci było samobójstwo.Adolf Hitler
99%
Przywódca Związku Socjalistycznych Republik Radzieckich podczas II wojny światowej. Sowiecki rewolucjonista, dyktator i polityk pochodzenia gruzińskiego.Józef Stalin
97%
Premier Wielkiej Brytanii w latach 1940-45 oraz 1951-55. Otrzymał(a) Nagrodę Nobla za swoje pamiętniki w 1953 roku.Winston Churchill
89%
Włoski polityk i dziennikarz, główny założyciel i przywódca ruchu faszystowskiego. Premier Włoch w latach 1922–43, później do 1945 przywódca Włoskiej Republiki Socjalnej.Benito Mussolini
88%
Radziecki polityk, komunistyczny działacz polityczny. Minister Spraw Zagranicznych ZSRR w 1939-49. Przedstawiciel Związku Radzieckiego podczas umowy z III Rzeszą z 23 sierpnia 1939 r.Wiaczesław Mołotow
82%
Polski polityk i wojskowy, generał broni Wojska Polskiego. Premier RP na Uchodźstwie podczas II wojny światowej. Brał(a) udział w podpisywaniu układu z Majskim.Władysław Sikorski
76%
Urodzony/a w Cesarstwie Niemieckim, minister spraw zagranicznych III Rzeszy w latach 1938-45. Uznany/a za zbrodniarza wojennego i skazany/a na karę śmierci.Joachim von Ribbentrop
66%
W latach międzywojennych dowódca jednostek kawalerii, dowódca Armii Polskiej w ZSRR, a potem II Korpusu Polskiego. W roku 1945 Wódz Naczelny.Władysław Anders
65%
Polski polityk oraz dyplomata. Bliski współpracownik Józefa Piłsudskiego oraz pułkownik dyplomowany artylerii Wojska Polskiego. Minister Spraw Zagranicznych w latach 1930-39.Józef Beck
60%
Francuski polityk, mąż stanu i teoretyk wojskowości. W czasie II wojny światowej stał na czele ruchu Wolnej Francji, kontynuującego walkę z III Rzeszą niezależnie od "Francji Vichy".Charles de Gaulle
55%
Norweg, utrzymywał ścisłe kontakty z III Rzeszą, tworzył ideowe podstawy norweskiego faszyzmu, po zajęciu Norwegii przez Niemców ogłosił się „przywódca narodu”.Vidkun Quisling
18%

Rozkład punktacji

Percentyl według liczby udzielonych odpowiedzi

Procent ludzi z każdym wynikiem

Twoja historia wyników

Nie rozwiązałeś tego quizu